000
00298nam a2200133Ia 4500
008
230917s9999||||xx |||||||||||||| ||und||
040
_e
138378
_a
MAIN
041
_a
English
082
_a
823.8 F744B:F
100
_a
Forster, E M
245
0
_a
Passage to india
300
_a
252p p.
942
_c
BK
999
_c
180531
_d
180531